000 00716cab a2200241 4500
001 WB3303-42
008 090401t1997 xxu||||| |||| 00| 0 eng d
035 _a(Sirsi) u26688
041 _aeng
245 _aConveyancing proposal
260 _c1997
350 _a0
490 _aSunday Telegraph
_v12 January 1997, B9(1)
520 _aHambro Countrywide is proposing to do all the conveyancing in its property deals through a team of licensed conveyancers serving its offices.
650 _aCONVEYANCERS
650 _aCONVEYANCING TEAMS
650 _aESTATE AGENCY
650 _aHAMBRO COUNTRYWIDE
650 _aSOLICITORS
690 _aPROPERTY LAW AND PRACTICE
942 _n0
948 _c04/03/1997
999 _c17957
_d17957